| 000 | 00502nam a2200181 a 4500 | ||
|---|---|---|---|
| 001 | BRCA_1955 | ||
| 005 | 20190320203621.0 | ||
| 008 | 000000s2000 sp-#---###---#000-0#spa-u | ||
| 020 | _a8449415160 | ||
| 050 | 4 |
_aQ123 _b.V63 2000 |
|
| 245 | 1 | 0 | _aVocabulario técnico-científico. |
| 260 |
_aBarcelona _bOceano Grupo Editorial _c2000 |
||
| 300 |
_a490 p. _c15 cm. |
||
| 440 | 0 |
_aNuevo Equipo Didáctico Oceano _96005 |
|
| 650 | 1 | 4 |
_aDiccionario técnico _xEspañol _96006 |
| 902 | _aREF | ||
| 942 |
_2lcc _cB |
||
| 999 |
_c1725 _d1725 |
||